| 000 | 01047na a2200325 4500 | ||
|---|---|---|---|
| 001 | 24570 | ||
| 003 | MIRAKIL | ||
| 005 | 20181226104233.0 | ||
| 008 | 181206b tu 000 0 | ||
| 020 | _a9754580952 | ||
| 035 | _a13840 | ||
| 041 | _atur | ||
| 082 |
_a923.156 _bO69f 1999 |
||
| 090 | _a923.156 O69f 1999 | ||
| 100 | _aOkyar, Osman | ||
| 245 |
_aFethi Okyar'ın anıları _bAtatürk-Okyar ve çok partili Türkiye _cOsman Okyar, Mehmet Seyitdanlıoğlu |
||
| 246 | _aAtatürk-Okyar ve çok partili Türkiye | ||
| 260 |
_aAnkara _bTürkiye iş bankası kültür yayınları _c1999 |
||
| 300 |
_a238 s. _c19 sm. |
||
| 490 |
_aÜnlü Kişiler Dizisi _v16 |
||
| 490 |
_aTürkiye İş Bankası Kültür yayınları _v365 |
||
| 504 | _aDizin var. | ||
| 600 |
_aFethi Okyar _d1880-1943 |
||
| 600 |
_aAtatürk, Mustafa Kemal _d1881-1938 _xAnılar |
||
| 650 | _aSiyasal partiler | ||
| 650 |
_aSerbest Cumhuriyet Fırkası _xAnılar |
||
| 700 | _aSeyitdanlıoğlu, Mehmet | ||
| 942 |
_2ddc _cBKS |
||
| 040 |
_aMilas _btur _cTR-AnCHP |
||
| 999 |
_c11772 _d11772 |
||